The state of the world's land and water resources for food and agriculture : (Record no. 11330)

000 -LEADER
fixed length control field 00615cam a22002175a 4500
020 ## - INTERNATIONAL STANDARD BOOK NUMBER
ISBN 184971326X (hbk.)
020 ## - INTERNATIONAL STANDARD BOOK NUMBER
ISBN 9781849713269 (hbk.)
020 ## - INTERNATIONAL STANDARD BOOK NUMBER
ISBN 9781849713276 (pbk.)
020 ## - INTERNATIONAL STANDARD BOOK NUMBER
ISBN 1849713278 (pbk.)
020 ## - INTERNATIONAL STANDARD BOOK NUMBER
ISBN 9789251066140 (FAO, pbk.)
020 ## - INTERNATIONAL STANDARD BOOK NUMBER
ISBN 9251066140 (FAO, pbk.)
040 ## - CATALOGING SOURCE
Transcribing agency DLC
082 ## - DEWEY DECIMAL CLASSIFICATION NUMBER
Classification number 338 EAR 2011 A015 Or.
245 04 - TITLE STATEMENT
Title The state of the world's land and water resources for food and agriculture :
Remainder of title managing systems at risk /
260 ## - PUBLICATION, DISTRIBUTION, ETC. (IMPRINT)
Place of publication Abingdon :
Name of publisher Earthscan,
Year of publication 2011.
300 ## - PHYSICAL DESCRIPTION
Number of Pages 285 S :
Other physical details Ill.
710 2# - ADDED ENTRY--CORPORATE NAME
Corporate name or jurisdiction name as entry element FAO.
710 2# - ADDED ENTRY--CORPORATE NAME
Corporate name or jurisdiction name as entry element FAO.
710 2# - ADDED ENTRY--CORPORATE NAME
Corporate name or jurisdiction name as entry element OAA.
942 ## - ADDED ENTRY ELEMENTS (KOHA)
Koha item type សៀវភៅភាសាអង់គ្លេស
952 ## - LOCATION AND ITEM INFORMATION (KOHA)
Withdrawn status [LOCAL, KOHA] 0
Holdings
Koha item type Shelving location Lost status Permanent Location Current Location Date acquired Full call number
សៀវភៅភាសាអង់គ្លេសA015 Library Block ALibrary Block A2017-08-01338 EAR 2011 A015 Or.
មជ្ឈមណ្ឌលឯការនៃសាកលវិទ្យាល័យភូមិន្ទកសិកម្មចំការដូង

Powered by Koha